[Event "ICS rated blitz match"]
[Site "204.178.125.65"]
[Date "2000.11.20"]
[Round "?"]
[White "Hossa"]
[Black "WICKER-MAN"]
[Result "1-0"]
[WhiteElo "2468"]
[BlackElo "2016"]
[PlyCount "45"]
[EventDate "2000.??.??"]

1. e4 e5 2. Nf3 Nc6 3. Bb5 a6 4. Ba4 Nf6 5. O-O b5 6. Bb3 Be7 7. Re1 O-O 8. c3
d5 9. exd5 e4 10. dxc6 exf3 11. Qxf3 Bg4 12. Qg3 Re8 13. f3 Bc5+ 14. d4 Bxd4+
15. cxd4 Qxd4+ 16. Kh1 Rxe1+ 17. Qxe1 Re8 18. Qg3 Nh5 19. Qh4 Bxf3 20. Qxd4
Re1+ 21. Qg1 Bxg2+ 22. Kxg2 Nf4+ 23. Bxf4 {WICKER-MAN resigns} 1-0

[Event "ICS rated blitz match"]
[Site "204.178.125.65"]
[Date "2000.11.20"]
[Round "?"]
[White "WICKER-MAN"]
[Black "Hossa"]
[Result "0-1"]
[WhiteElo "2014"]
[BlackElo "2470"]
[PlyCount "78"]
[EventDate "2000.??.??"]

1. e4 e5 2. d4 exd4 3. c3 d5 4. exd5 Qxd5 5. cxd4 Nc6 6. Nf3 Bg4 7. Nc3 Qf5 8.
Be2 O-O-O 9. Be3 Nf6 10. O-O Bb4 11. a3 Bc5 12. Nh4 Qh5 13. Bxg4+ Nxg4 14. g3
Bxd4 15. Bxd4 Rxd4 16. Qf3 Nce5 17. Qg2 Nxh2 18. Qxh2 Rxh4 19. Qxh4 Nf3+ 20.
Kg2 Nxh4+ 21. gxh4 Qg4+ 22. Kh2 Qxh4+ 23. Kg2 Qg4+ 24. Kh2 Rd8 25. Rad1 Rd6 26.
Rxd6 cxd6 27. Rg1 Qh5+ 28. Kg2 Qg6+ 29. Kf1 Qc2 30. Rxg7 Qxb2 31. Rg3 Qxa3 32.
Kg2 Qc5 33. Ne4 Qe5 34. Rc3+ Kd7 35. Re3 a5 36. Kf3 b5 37. Rd3 d5 38. Nc5+ Kc6
39. Nb3 Qe4+ {WICKER-MAN resigns} 0-1

[Event "ICS rated bullet match"]
[Site "204.178.125.65"]
[Date "2000.11.20"]
[Round "?"]
[White "LoboNaranjo"]
[Black "Hossa"]
[Result "0-1"]
[WhiteElo "2105"]
[BlackElo "2629"]
[PlyCount "80"]
[EventDate "2000.??.??"]

1. d4 Nf6 2. c4 e6 3. Nc3 Bb4 4. a3 Bxc3+ 5. bxc3 c5 6. e3 Qa5 7. Bd2 Ne4 8.
Nf3 d6 9. Bd3 Nxd2 10. Qxd2 Nc6 11. O-O O-O 12. Rfb1 Qc7 13. Rb5 b6 14. a4 Na5
15. Bc2 cxd4 16. exd4 Nxc4 17. Qd3 g6 18. Rh5 Bb7 19. Ng5 Nb2 20. Qh3 gxh5 21.
Qxh5 f5 22. Nxe6 Qf7 23. Qg5+ Qg6 24. Qxg6+ hxg6 25. Nxf8 Kxf8 26. h3 Re8 27.
Rb1 Nc4 28. Bd3 Be4 29. Bxe4 Rxe4 30. a5 bxa5 31. Rb5 Re7 32. Rb8+ Kg7 33. Ra8
a4 34. Rc8 Nb6 35. Rc6 a3 36. c4 a2 37. c5 a1=Q+ 38. Kh2 Qxd4 39. cxd6 Qf4+ 40.
Kg1 Re1# {LoboNaranjo checkmated} 0-1

[Event "ICS rated bullet match"]
[Site "204.178.125.65"]
[Date "2000.11.20"]
[Round "?"]
[White "Hossa"]
[Black "LoboNaranjo"]
[Result "1-0"]
[WhiteElo "2630"]
[BlackElo "2104"]
[PlyCount "67"]
[EventDate "2000.??.??"]

1. e4 c6 2. c4 d6 3. d4 g6 4. Bd3 Bg7 5. Ne2 Nf6 6. O-O O-O 7. Na3 Nbd7 8. Bg5
e5 9. Bc2 a6 10. Qd2 Qe8 11. f3 d5 12. cxd5 cxd5 13. Bh6 dxe4 14. Bxg7 Kxg7 15.
fxe4 exd4 16. Qxd4 Qe5 17. Nc4 Qxd4+ 18. Nxd4 Re8 19. Nd6 Re6 20. Nxe6+ fxe6
21. Rac1 Ne5 22. Bb3 Bd7 23. Rc7 Rf8 24. Bxe6 Kh6 25. Bxd7 Nfxd7 26. Rxf8 Nxf8
27. Rxb7 Ne6 28. Re7 Nd3 29. Nf7+ Kg7 30. Nd8+ Kf6 31. Rxe6+ Kg5 32. Rxa6 Nf4
33. Ne6+ Nxe6 34. Rxe6 {LoboNaranjo resigns} 1-0

[Event "ICS rated bullet match"]
[Site "204.178.125.65"]
[Date "2000.11.20"]
[Round "?"]
[White "LoboNaranjo"]
[Black "Hossa"]
[Result "0-1"]
[WhiteElo "2103"]
[BlackElo "2631"]
[PlyCount "30"]
[EventDate "2000.??.??"]

1. d4 Nf6 2. b3 e6 3. Bb2 c5 4. dxc5 Bxc5 5. g3 O-O 6. Bg2 d6 7. Nf3 Nc6 8. O-O
Bd7 9. c4 Qe7 10. Re1 Ne4 11. Nbd2 Nxf2 12. Qc2 Nb4 13. Qb1 Nfd3+ 14. Kh1 Nxe1
15. Qxe1 Nc2 {LoboNaranjo resigns} 0-1

[Event "ICS rated bullet match"]
[Site "204.178.125.65"]
[Date "2000.11.20"]
[Round "?"]
[White "LoboNaranjo"]
[Black "Hossa"]
[Result "0-1"]
[WhiteElo "2101"]
[BlackElo "2633"]
[PlyCount "96"]
[EventDate "2000.??.??"]

1. e4 e6 2. d3 d5 3. exd5 exd5 4. Nf3 Nf6 5. g3 Qe7+ 6. Qe2 Bg4 7. Bg2 Qxe2+ 8.
Kxe2 Nc6 9. h3 Nd4+ 10. Kd2 Bxf3 11. Bxf3 Nxf3+ 12. Ke3 Ng5 13. d4 Kd7 14. h4
Ng4+ 15. Kf4 Nxf2 16. Rf1 Ne6+ 17. Kf3 Nxd4+ 18. Kxf2 Nxc2 19. Nc3 Nxa1 20. Bf4
Bc5+ 21. Kg2 Nc2 22. Rd1 c6 23. a3 Rhe8 24. b4 Bd4 25. Na4 b5 26. Nc5+ Bxc5 27.
bxc5 Nxa3 28. Ra1 Nc4 29. Rd1 a5 30. Bg5 h6 31. Bf4 Ne3+ 32. Bxe3 Rxe3 33. Rf1
f6 34. g4 Rc3 35. g5 hxg5 36. hxg5 fxg5 37. Rf7+ Ke6 38. Rxg7 Kf6 39. Rc7 Rxc5
40. Rd7 Rc3 41. Rd6+ Ke5 42. Rd7 c5 43. Re7+ Kf4 44. Rb7 Rb3 45. Rf7+ Kg4 46.
Rd7 Rb2+ 47. Kf1 Rh8 48. Rf7 Rh1# {LoboNaranjo checkmated} 0-1

[Event "ICS rated blitz match"]
[Site "204.178.125.65"]
[Date "2000.11.20"]
[Round "?"]
[White "gaudi"]
[Black "Hossa"]
[Result "0-1"]
[WhiteElo "2077"]
[BlackElo "2472"]
[PlyCount "72"]
[EventDate "2000.??.??"]

1. d4 Nf6 2. c4 e6 3. g3 Bb4+ 4. Nd2 c5 5. a3 Bxd2+ 6. Qxd2 cxd4 7. Qxd4 Nc6 8.
Qh4 e5 9. Bg2 Nd4 10. Kf1 Nb3 11. Rb1 Nxc1 12. Rxc1 d6 13. Qg5 O-O 14. Nf3 Qb6
15. Rc2 Ne4 16. Qe3 Qxe3 17. fxe3 Bf5 18. Rc1 g5 19. Rd1 Rac8 20. b3 b5 21. Nd2
Nxd2+ 22. Rxd2 bxc4 23. bxc4 Rxc4 24. Rxd6 Ra4 25. Kf2 Rxa3 26. Rf1 Be6 27. Bd5
a5 28. e4 Bg4 29. Rc1 Kg7 30. Rc7 Ra1 31. Ra6 h6 32. Raa7 Bh5 33. h3 Rd8 34. g4
Bg6 35. Bxf7 Rf8 36. Ke3 Rxf7 {gaudi resigns} 0-1

[Event "ICS rated blitz match"]
[Site "204.178.125.65"]
[Date "2000.11.20"]
[Round "?"]
[White "Hossa"]
[Black "gaudi"]
[Result "0-1"]
[WhiteElo "2481"]
[BlackElo "2068"]
[PlyCount "122"]
[EventDate "2000.??.??"]

1. e4 e6 2. d4 d5 3. Nc3 Bb4 4. e5 c5 5. Nf3 Ne7 6. a3 Bxc3+ 7. bxc3 Qc7 8. Be2
O-O 9. O-O Nd7 10. Bf4 b6 11. Bb5 c4 12. Bg5 Nb8 13. Ba4 a6 14. Qb1 b5 15. Bxb5
axb5 16. Qxb5 Bd7 17. Qb2 Nbc6 18. Bxe7 Nxe7 19. Rfb1 Rfb8 20. Qc1 Rxb1 21.
Qxb1 Rb8 22. Qe1 Ba4 23. Ra2 Qb6 24. Nd2 h6 25. Qe2 Nc6 26. Qe1 Nxd4 27. cxd4
Qxd4 28. Nf3 Qe4 29. Qc1 c3 30. h4 d4 31. Qd1 Rb2 32. Ra1 d3 33. cxd3 Bxd1 34.
dxe4 Bxf3 35. Rc1 c2 36. Rxc2 Rxc2 37. gxf3 Ra2 38. f4 Rxa3 39. Kg2 h5 40. f3
Kh7 41. f5 g6 42. Kf2 gxf5 43. exf5 exf5 44. f4 Kg8 45. Kg2 f6 46. e6 Kf8 47.
Kf2 Ke7 48. Kg2 Kxe6 49. Kf2 Kd5 50. Kg2 Ke4 51. Kf2 Kxf4 52. Ke2 Kg4 53. Kd1
Kxh4 54. Kc2 Kg4 55. Kb2 Rg3 56. Kc2 h4 57. Kb2 h3 58. Kc2 h2 59. Kb2 h1=R 60.
Kc2 Rh2+ 61. Kb1 Rg1# {Hossa checkmated} 0-1

[Event "ICS rated blitz match"]
[Site "204.178.125.65"]
[Date "2000.11.20"]
[Round "?"]
[White "Hossa"]
[Black "RugFrog"]
[Result "1-0"]
[WhiteElo "2452"]
[BlackElo "1901"]
[PlyCount "29"]
[EventDate "2000.??.??"]

1. d4 e6 2. Nf3 Nf6 3. Bg5 Be7 4. e3 d5 5. Bd3 Nbd7 6. O-O O-O 7. Nbd2 Re8 8.
c3 c5 9. Bf4 Nf8 10. Ne5 Ng6 11. Nxg6 hxg6 12. Re1 Nh5 13. Be5 f6 14. Bxg6 fxe5
15. Qxh5 {RugFrog resigns} 1-0

[Event "ICS rated bullet match"]
[Site "204.178.125.65"]
[Date "2000.11.20"]
[Round "?"]
[White "Hossa"]
[Black "WoodEater"]
[Result "1-0"]
[WhiteElo "2634"]
[BlackElo "1987"]
[PlyCount "61"]
[EventDate "2000.??.??"]

1. d4 Nf6 2. c4 g6 3. Nc3 d5 4. cxd5 Nxd5 5. e4 Nxc3 6. bxc3 Bg7 7. Nf3 c5 8.
Rb1 O-O 9. Be2 cxd4 10. cxd4 Qa5+ 11. Qd2 Qxd2+ 12. Bxd2 Rd8 13. d5 b6 14. Bb4
e6 15. Rc1 exd5 16. exd5 Ba6 17. Rd1 Bxe2 18. Kxe2 Na6 19. Ba3 Nc7 20. d6 Nb5
21. Bb4 a5 22. a4 axb4 23. axb5 Ra5 24. Rd5 Ra2+ 25. Ke3 Ra3+ 26. Kf4 Ra2 27.
Kg3 Bf8 28. d7 Rc2 29. Re1 Kg7 30. Re8 Rxd7 31. Rxd7 {WoodEater resigns} 1-0

[Event "ICS rated bullet match"]
[Site "204.178.125.65"]
[Date "2000.11.20"]
[Round "?"]
[White "Hossa"]
[Black "WoodEater"]
[Result "1-0"]
[WhiteElo "2636"]
[BlackElo "1985"]
[PlyCount "37"]
[EventDate "2000.??.??"]

1. d4 Nf6 2. c4 e6 3. Nf3 Bb4+ 4. Bd2 Bxd2+ 5. Nbxd2 O-O 6. e3 d5 7. Bd3 c6 8.
O-O dxc4 9. Nxc4 Nbd7 10. e4 Re8 11. Nd6 Re7 12. e5 Nd5 13. Qd2 N7b6 14. Ng5
Bd7 15. Bxh7+ Kf8 16. Qe2 g6 17. Qe4 Kg7 18. Ndxf7 Rxf7 19. Qxg6+ {
WoodEater resigns} 1-0

[Event "ICS rated blitz match"]
[Site "204.178.125.65"]
[Date "2000.11.20"]
[Round "?"]
[White "QueenMaxima"]
[Black "Hossa"]
[Result "0-1"]
[WhiteElo "2535"]
[BlackElo "2453"]
[PlyCount "158"]
[EventDate "2000.??.??"]

1. e4 e6 2. d4 d5 3. Nc3 Bb4 4. Nge2 dxe4 5. a3 Be7 6. Nxe4 Nd7 7. N2g3 Ngf6 8.
Bd3 Nxe4 9. Nxe4 e5 10. Be3 f5 11. Ng5 Bxg5 12. Qh5+ g6 13. Qxg5 Qxg5 14. Bxg5
exd4 15. O-O-O Nc5 16. Rhe1+ Be6 17. Bc4 Kf7 18. Re5 b6 19. Rxd4 Bxc4 20. Rxc4
Ne6 21. Bh4 Rhe8 22. Rc6 Rac8 23. Rd5 Kg8 24. f3 Nf4 25. Rd2 Re5 26. Rc4 g5 27.
Bxg5 Re1+ 28. Rd1 Nxg2 29. Rxe1 Nxe1 30. Rc3 Re8 31. Bd2 Re7 32. f4 Ng2 33.
Rg3+ Rg7 34. Bc3 Rxg3 35. hxg3 Ne3 36. Bd4 Nc4 37. b3 Nd6 38. Bf6 Ne4 39. Bh4
Kg7 40. a4 Kg6 41. a5 bxa5 42. Bd8 c6 43. Bxa5 Kh5 44. Kd1 Kg4 45. Ke2 h5 46.
Ke3 Kxg3 47. Be1+ Kg4 48. c4 h4 49. Ke2 h3 50. Kf1 Nc5 51. Kg1 Nxb3 52. Kh2 Nd4
53. Bf2 Nf3+ 54. Kh1 a6 55. Be3 Kg3 56. c5 Nh2 57. Bd4 a5 58. Bc3 Ng4 59. Be1+
Nf2+ 60. Bxf2+ Kxf2 61. Kh2 Kf3 62. Kxh3 Kxf4 63. Kg2 a4 64. Kh3 a3 65. Kh4 a2
66. Kh5 a1=Q 67. Kg6 Qg7+ 68. Kxg7 Ke5 69. Kf7 f4 70. Ke8 Kd5 71. Ke7 f3 72.
Kd8 f2 73. Kd7 f1=Q 74. Ke7 Qf2 75. Kd8 Kxc5 76. Kc7 Qd2 77. Kb7 Qd7+ 78. Ka6
Qe7 79. Ka5 Qa7# {QueenMaxima checkmated} 0-1

[Event "ICS rated blitz match"]
[Site "204.178.125.65"]
[Date "2000.11.20"]
[Round "?"]
[White "Hossa"]
[Black "QueenMaxima"]
[Result "0-1"]
[WhiteElo "2473"]
[BlackElo "2515"]
[PlyCount "180"]
[EventDate "2000.??.??"]

1. d4 Nf6 2. c4 e5 3. dxe5 Ng4 4. Bf4 Nc6 5. Nf3 Qe7 6. Nc3 Qc5 7. e3 Ngxe5 8.
Nxe5 Nxe5 9. b4 Qd6 10. Qxd6 cxd6 11. Nb5 Rb8 12. c5 b6 13. cxd6 Ng6 14. Bg3 h5
15. h3 Bb7 16. Nxa7 h4 17. Bh2 Rh5 18. Rg1 Ra8 19. Nb5 Ra4 20. a3 Bc6 21. Nc7+
Kd8 22. Be2 Rf5 23. b5 Bb7 24. Bd1 Rc4 25. Ra2 Ne5 26. Rd2 Rc3 27. Bc2 Rh5 28.
Ba4 Rxa3 29. Bd1 Ra1 30. Bf4 Nc4 31. Rd4 Rc5 32. Na6 Rxb5 33. Rxc4 Rd5 34. Rd4
Rxd4 35. exd4 Rxa6 36. Kd2 f6 37. Be2 Ra2+ 38. Ke1 Ra4 39. Be3 Bxd6 40. f4 Ra2
41. Bd2 g6 42. Bd3 g5 43. Bc4 Ra4 44. Bb5 Rxd4 45. fxg5 Bg3+ 46. Ke2 Rd5 47.
Bd3 Re5+ 48. Kd1 fxg5 49. Bc3 Rd5 50. Bf6+ Kc7 51. Ke2 Ra5 52. Bb1 Bf4 53. Bd4
Ra3 54. Kf2 d6 55. Rd1 Rg3 56. Rg1 Bd5 57. Bc2 Be5 58. Be3 b5 59. Bf5 b4 60.
Rc1+ Kb7 61. Rg1 b3 62. Bg6 b2 63. Bc2 Bf6 64. Bf5 Kc6 65. Bg6 Kb5 66. Bd3+ Kb4
67. Bf5 Kc3 68. Bb6 Bd4+ 69. Bxd4+ Kxd4 70. Bg6 Ke5 71. Bb1 g4 72. hxg4 Rxg4
73. Bc2 Rg3 74. Re1+ Kf4 75. Rg1 Rc3 76. Bb1 Rc1 77. Re1 Bxg2 78. Ba2 h3 79.
Re8 Rf1+ 80. Ke2 h2 81. Rf8+ Ke5 82. Re8+ Kd4 83. Rh8 h1=Q 84. Rxh1 Rxh1 85.
Kd2 Bd5 86. Bb1 Rxb1 87. Kc2 Ba2 88. Kd2 Rf1 89. Ke2 b1=Q 90. Kd2 Rf2# {
Hossa checkmated} 0-1

[Event "ICS rated blitz match"]
[Site "204.178.125.65"]
[Date "2000.11.20"]
[Round "?"]
[White "PostModernist"]
[Black "Hossa"]
[Result "1-0"]
[WhiteElo "2657"]
[BlackElo "2459"]
[PlyCount "75"]
[EventDate "2000.??.??"]

1. d4 Nf6 2. c4 e5 3. dxe5 Ng4 4. Bf4 Nc6 5. Nf3 Qe7 6. Nc3 Qc5 7. e3 Ngxe5 8.
Nxe5 Nxe5 9. b4 Qd6 10. Qh5 g5 11. Qxg5 f6 12. Qh5+ Kd8 13. c5 Qe6 14. Rd1 a5
15. Nd5 axb4 16. Nxf6 Ng6 17. Nd5 Nxf4 18. Qh4+ Be7 19. Qxf4 Rf8 20. Qxc7+ Ke8
21. Qg3 Bd8 22. Be2 Rf5 23. Bg4 h5 24. Bxf5 Qxf5 25. Qg7 Rxa2 26. Qh8+ Kf7 27.
O-O Qg5 28. Qh7+ Kf8 29. Rd4 Bf6 30. Rf4 Ra6 31. Qe7+ Kg8 32. Nxf6+ Rxf6 33.
Rxf6 Qxf6 34. Qxf6 b6 35. Rd1 d6 36. Rxd6 Bd7 37. Rxd7 bxc5 38. Qd8# {
Hossa checkmated} 1-0

[Event "ICS Rated blitz match"]
[Site "204.178.125.65"]
[Date "2000.11.20"]
[Round "?"]
[White "xypher"]
[Black "Hossa"]
[Result "1-0"]
[WhiteElo "2697"]
[BlackElo "2451"]
[PlyCount "107"]
[EventDate "2000.??.??"]

1. e4 e6 2. Nf3 d5 3. exd5 exd5 4. Bb5+ c6 5. Bd3 Nf6 6. O-O Be7 7. Re1 O-O 8.
Be2 Bf5 9. d4 Re8 10. Nc3 Bd6 11. h3 Nbd7 12. Nh4 Be6 13. Nf3 Nb6 14. Bd3 Nc4
15. Ng5 Bd7 16. b3 Rxe1+ 17. Qxe1 Na3 18. Ne2 Qc7 19. c4 h6 20. Nf3 dxc4 21.
bxc4 Nxc4 22. Bxc4 Re8 23. Qd1 Bf5 24. Nc3 Ne4 25. Nxe4 Bxe4 26. Bd2 Qd7 27.
Rc1 Qf5 28. Ne1 b5 29. Bb3 Ba3 30. Rc3 Bd6 31. Re3 Bf4 32. Re2 Bxd2 33. Qxd2
Rf8 34. Qb4 Re8 35. f3 a5 36. Qd2 a4 37. Bc2 Rd8 38. fxe4 Qe6 39. e5 c5 40. Qd3
cxd4 41. Qh7+ Kf8 42. Qh8+ Ke7 43. Qxg7 Rd5 44. g4 Rd8 45. Bf5 Qb6 46. Nd3 Qc7
47. Qxh6 Rg8 48. Rc2 Rxg4+ 49. hxg4 Qd8 50. Nf4 Qd7 51. Qf6+ Ke8 52. Bxd7+ Kxd7
53. Qxf7+ Kd8 54. Ne6# {Hossa checkmated} 1-0

[Event "ICS rated blitz match"]
[Site "204.178.125.65"]
[Date "2000.11.20"]
[Round "?"]
[White "Hossa"]
[Black "A32Kumar"]
[Result "1-0"]
[WhiteElo "2445"]
[BlackElo "2127"]
[PlyCount "101"]
[EventDate "2000.??.??"]

1. e4 e5 2. Nf3 Nc6 3. Bb5 Nd4 4. Nxd4 exd4 5. O-O c6 6. Bc4 Nf6 7. e5 d5 8.
Be2 Ng8 9. d3 Bc5 10. Nd2 Ne7 11. Nb3 Bb6 12. c3 dxc3 13. bxc3 Bf5 14. Ba3 O-O
15. Nd4 Bxd4 16. cxd4 Re8 17. Rb1 b6 18. Rc1 Qd7 19. Qc2 Rec8 20. Bh5 Bg6 21.
Bd1 Nf5 22. Bg4 Qe8 23. Bb2 Rc7 24. Bc3 Ne7 25. Bb4 a5 26. Bd6 Rcc8 27. Bxc8
Rxc8 28. Qb3 b5 29. Bxe7 Qxe7 30. Qxb5 Qd7 31. Qa6 Re8 32. Qxc6 Qe7 33. Rc3 h6
34. Qxd5 Rd8 35. Qxa5 Rxd4 36. Rd1 Qg5 37. Qa8+ Kh7 38. Rc8 Be4 39. Rh8+ Kg6
40. Qa6+ f6 41. g3 Qg4 42. Ra1 Bd5 43. exf6 gxf6 44. Qa7 Qf3 45. Qh7+ Kg5 46.
Qxh6+ Kf5 47. Qh7+ Kg5 48. Qg7+ Kf5 49. Qd7+ Kg5 50. h4+ Kg6 51. Qh7# {
A32Kumar checkmated} 1-0

[Event "ICS rated blitz match"]
[Site "204.178.125.65"]
[Date "2000.11.20"]
[Round "?"]
[White "A32Kumar"]
[Black "Hossa"]
[Result "1-0"]
[WhiteElo "2123"]
[BlackElo "2449"]
[PlyCount "45"]
[EventDate "2000.??.??"]

1. d4 Nf6 2. Nc3 d5 3. Bg5 Nbd7 4. e3 e6 5. Nf3 c5 6. Ne5 cxd4 7. exd4 Bd6 8.
f4 Qa5 9. Bd3 h6 10. Bxf6 gxf6 11. O-O fxe5 12. fxe5 Ba3 13. Rxf7 Kxf7 14. Qh5+
Kf8 15. Rf1+ Nf6 16. Rxf6+ Ke7 17. Rf7+ Kd8 18. Qh4+ Ke8 19. Bg6 Rf8 20. Rh7+
Rf7 21. Rxf7 h5 22. Rg7+ Kf8 23. Qf6# {Hossa checkmated} 1-0

[Event "ICS rated blitz match"]
[Site "204.178.125.65"]
[Date "2000.11.20"]
[Round "?"]
[White "Hossa"]
[Black "PostModernist"]
[Result "1-0"]
[WhiteElo "2421"]
[BlackElo "2665"]
[PlyCount "115"]
[EventDate "2000.??.??"]

1. e4 e5 2. Nc3 Qh4 3. Nf3 Qe7 4. Nd5 Qd6 5. d4 f6 6. b3 b6 7. dxe5 Qc6 8. Bb2
Bb4+ 9. Nd2 Na6 10. exf6 Nxf6 11. Bxf6 gxf6 12. Bxa6 Bxd2+ 13. Qxd2 Bxa6 14.
Qf4 Kd8 15. Qxf6+ Qxf6 16. Nxf6 Ke7 17. Nd5+ Kd8 18. Rd1 Bb7 19. Rf1 Bxd5 20.
Rxd5 c6 21. Rd4 Rg8 22. g3 Re8 23. f3 Kc7 24. Kf2 Rad8 25. Rfd1 Re7 26. Ke3
Rde8 27. Rd6 b5 28. a4 bxa4 29. bxa4 Rb8 30. f4 Rb2 31. R1d2 Ra2 32. R6d4 d5
33. e5 Kb6 34. c3 Ra3 35. Kd3 Ka5 36. Rb4 Rxa4 37. Rb8 Ka6 38. Rdb2 Re6 39.
R8b7 h6 40. Rb8 Ra3 41. Kd2 Ra1 42. Ke3 Ra5 43. Kd4 Ra4+ 44. R8b4 Ra5 45. Rb7
Ra4+ 46. Ke3 Ra1 47. R7b3 c5 48. Rd2 c4 49. Rb8 Ra5 50. Kd4 Rc6 51. Rdb2 Rg6
52. Rd8 Ra1 53. Rd6+ Rxd6 54. exd6 Rd1+ 55. Kc5 d4 56. Kc6 Ra1 57. cxd4 c3 58.
Rc2 {PostModernist resigns} 1-0

[Event "ICS rated blitz match"]
[Site "204.178.125.65"]
[Date "2000.11.20"]
[Round "?"]
[White "PostModernist"]
[Black "Hossa"]
[Result "1-0"]
[WhiteElo "2639"]
[BlackElo "2447"]
[PlyCount "143"]
[EventDate "2000.??.??"]

1. d4 f5 2. g3 Nf6 3. Bg2 g6 4. Nf3 Bg7 5. O-O O-O 6. b3 Ne4 7. Bb2 c5 8. Qc1
cxd4 9. Bxd4 Bxd4 10. Nxd4 e5 11. Nf3 Nc6 12. Qh6 d5 13. Nbd2 Nxd2 14. Qxd2 e4
15. Nd4 Nxd4 16. Qxd4 Be6 17. f3 Qc7 18. fxe4 dxe4 19. c4 Rfd8 20. Qf6 Rd6 21.
Qe5 Qd7 22. g4 Rd2 23. gxf5 Bxf5 24. Bxe4 Bxe4 25. Qxe4 Re8 26. Qf3 Qd4+ 27.
Kh1 Qe4 28. Qxe4 Rxe4 29. Rf2 Rexe2 30. Rxe2 Rxe2 31. Rd1 Rxa2 32. Rd8+ Kf7 33.
Rd7+ Kf6 34. Rxb7 h5 35. c5 Ke6 36. b4 Kd5 37. h4 a5 38. Rd7+ Ke5 39. bxa5 Ra4
40. Kg2 Rxh4 41. a6 Ra4 42. a7 Ra2+ 43. Kf3 Ra3+ 44. Ke2 Ke6 45. c6 Ra2+ 46.
Ke3 g5 47. Rb7 Ra3+ 48. Kf2 Ra2+ 49. Kg1 Ra1+ 50. Kg2 Ra2+ 51. Kf3 Ra3+ 52. Ke4
Ra4+ 53. Kd3 Ra3+ 54. Kd4 Kd6 55. c7 Ra4+ 56. Ke3 Kd7 57. Rb8 Ra3+ 58. Ke4 Ra4+
59. Kf5 Ra5+ 60. Kg6 Rxa7 61. c8=Q+ Kd6 62. Qd8+ Ke5 63. Qxg5+ Ke4 64. Re8+ Kd3
65. Qe3+ Kc4 66. Qxa7 h4 67. Re4+ Kd5 68. Rxh4 Kc6 69. Qd4 Kc7 70. Qf6 Kd7 71.
Rh7+ Ke8 72. Qh8# {Hossa checkmated} 1-0

[Event "ICS rated blitz match"]
[Site "204.178.125.65"]
[Date "2000.11.20"]
[Round "?"]
[White "Hossa"]
[Black "PostModernist"]
[Result "0-1"]
[WhiteElo "2439"]
[BlackElo "2647"]
[PlyCount "86"]
[EventDate "2000.??.??"]

1. e4 c5 2. d4 Nf6 3. e5 Ne4 4. f3 e6 5. Bf4 Qb6 6. fxe4 Qxb2 7. Nd2 cxd4 8.
Nc4 Qb4+ 9. Bd2 Qc5 10. Nf3 d5 11. exd5 Qxd5 12. Bd3 Be7 13. Qe2 Nc6 14. O-O f5
15. Bf4 O-O 16. Nd6 Qc5 17. Nd2 Kh8 18. Nb3 Qb6 19. Rab1 Rb8 20. a4 Bd7 21. g4
fxg4 22. Qxg4 Bxd6 23. Qh5 Rf5 24. Bxf5 d3+ 25. Kh1 exf5 26. exd6 dxc2 27. Rb2
Nb4 28. Rf3 Bc6 29. d7 g6 30. Qh3 Qf2 31. Nd4 Qxd4 32. Rxc2 Nxc2 33. Bxb8 Qd1+
34. Kg2 Bxf3+ 35. Kf2 Qd2+ 36. Kg3 Bc6 37. Bxa7 f4+ 38. Kh4 Bxd7 39. Qf3 h6 40.
Qg3 g5+ 41. Kh5 Kh7 42. Qxf4 Qd1+ 43. Qf3 Qxf3# {Hossa checkmated} 0-1

[Event "ICS rated blitz match"]
[Site "204.178.125.65"]
[Date "2000.11.20"]
[Round "?"]
[White "Zippy"]
[Black "Hossa"]
[Result "1/2-1/2"]
[WhiteElo "2361"]
[BlackElo "2432"]
[PlyCount "128"]
[EventDate "2000.??.??"]

1. e4 e5 2. Nf3 Nc6 3. Bb5 a6 4. Ba4 Nf6 5. O-O Be7 6. Bxc6 dxc6 7. Nxe5 Nxe4
8. d3 Nf6 9. Nc3 O-O 10. Re1 Re8 11. Bg5 h6 12. Be3 Be6 13. f4 Nd5 14. Nxd5
cxd5 15. c3 Bh4 16. Re2 Qe7 17. Qc2 Bf5 18. b4 Qd8 19. g4 Bc8 20. d4 a5 21. b5
Be7 22. Rg2 Bd6 23. Re1 Be6 24. Kh1 h5 25. gxh5 Bh3 26. Rg5 Qf6 27. Reg1 Bf8
28. R1g3 Bf1 29. Rf5 Qe6 30. Rxf7 Re7 31. Rg6 Qxf7 32. Nxf7 Rxe3 33. Qc1 Kxf7
34. Qxe3 Re8 35. Qf3 Bc4 36. a4 Re1+ 37. Kg2 Re2+ 38. Kg3 Rd2 39. Qg4 Rd3+ 40.
Kf2 Rd2+ 41. Kg1 Re2 42. Qc8 Re1+ 43. Kf2 Re2+ 44. Kf3 Re7 45. Rg5 Bd3 46. Qxb7
Be4+ 47. Ke3 Bf5+ 48. Kd2 Be4 49. Re5 Kf6 50. Rxe7 Bxe7 51. Qxc7 Ke6 52. f5+
Bxf5 53. Qe5+ Kd7 54. Qxf5+ Kc7 55. b6+ Kc6 56. Qe6+ Bd6 57. Kd3 Kxb6 58. Qxd6+
Kb7 59. Qxd5+ Kc7 60. Qxa5+ Kc6 61. Qb5+ Kc7 62. Qe5+ Kb6 63. Qxg7 Kc6 64. Qh6+
Kd7 {Zippy ran out of time and Hossa has no material to mate} 1/2-1/2

[Event "ICS rated blitz match"]
[Site "204.178.125.65"]
[Date "2000.11.20"]
[Round "?"]
[White "Hossa"]
[Black "QueenMaxima"]
[Result "0-1"]
[WhiteElo "2429"]
[BlackElo "2501"]
[PlyCount "174"]
[EventDate "2000.??.??"]

1. e4 c5 2. c3 d5 3. exd5 Qxd5 4. Nf3 e6 5. d4 Nf6 6. Bb5+ Bd7 7. Be2 Nc6 8. c4
Qd6 9. dxc5 Qxd1+ 10. Bxd1 Bxc5 11. O-O O-O 12. Nc3 Bb4 13. Bd2 Bxc3 14. Bxc3
Ne4 15. Be1 e5 16. Bc2 f5 17. Rd1 Be6 18. b3 Rfd8 19. Rxd8+ Rxd8 20. a3 Bf7 21.
g4 Nc5 22. Bc3 Nxb3 23. Bxf5 Bxc4 24. Rb1 Ncd4 25. Bxd4 exd4 26. Ng5 d3 27.
Bxh7+ Kf8 28. Rd1 Ke7 29. f4 d2 30. Kf2 Rh8 31. h4 Be6 32. Kg3 Bd7 33. Bc2 Rc8
34. Bxb3 Rc3+ 35. Kf2 Rxb3 36. f5 Rd3 37. Nf3 Bc6 38. Nxd2 Kf6 39. Ke2 Rxa3 40.
Rg1 Rh3 41. h5 Ra3 42. Nb1 Ra4 43. Nc3 Rf4 44. g5+ Kxf5 45. h6 Kg6 46. hxg7
Kxg7 47. Ke3 Rf5 48. Ne2 Re5+ 49. Kd2 Kg6 50. Nf4+ Kf5 51. Ne2 Be8 52. Nd4+ Ke4
53. Rg4+ Kd5 54. Nc2 Bh5 55. Rb4 b6 56. Rb3 Kc5 57. Rc3+ Kd6 58. Rg3 Bg6 59.
Ne3 b5 60. Rg1 a5 61. Ke2 a4 62. Kd2 Kc5 63. Rg4 a3 64. Nc2 a2 65. Na1 Re4 66.
Rg1 Rb4 67. Rc1+ Kd5 68. Rc8 Rb1 69. Rd8+ Ke4 70. Nc2 Rb2 71. Ra8 Ke5 72. Kc3
Rxc2+ 73. Kb4 Be4 74. Ra3 Rb2+ 75. Kc3 Rg2 76. Kb4 Bd5 77. g6 Rg1 78. Kc5 a1=Q
79. Rxa1 Rxa1 80. Kb4 Bc4 81. Kc3 Rg1 82. Kb2 b4 83. Kc2 Rg2+ 84. Kd1 b3 85.
Kc1 Bd3 86. Kd1 b2 87. Ke1 b1=Q# {Hossa checkmated} 0-1

[Event "ICS rated bullet match"]
[Site "204.178.125.65"]
[Date "2000.11.20"]
[Round "?"]
[White "claudi"]
[Black "Hossa"]
[Result "0-1"]
[WhiteElo "2503"]
[BlackElo "2637"]
[PlyCount "96"]
[EventDate "2000.??.??"]

1. d4 d6 2. Nf3 Nf6 3. Bf4 Nc6 4. e3 h6 5. h3 g5 6. Bh2 Bg7 7. c4 g4 8. hxg4
Bxg4 9. Nc3 e5 10. Be2 exd4 11. Nxd4 Bxe2 12. Qxe2 Qd7 13. O-O-O O-O-O 14. Bf4
Nxd4 15. Rxd4 Ng4 16. Rd3 Qf5 17. f3 Ne5 18. Bxe5 Bxe5 19. e4 Qg5+ 20. Kc2 Kb8
21. Nd5 h5 22. Rdd1 Rdg8 23. Rdg1 Bd4 24. Rd1 Qxg2 25. Rh2 Qxe2+ 26. Rxe2 Bb6
27. Rh1 Rg1 28. Rxg1 Bxg1 29. Rg2 Bd4 30. Kd3 c5 31. b3 h4 32. Rh2 Kc8 33. Rh3
Kd7 34. Ne3 Bxe3 35. Kxe3 a6 36. Kf4 b5 37. cxb5 axb5 38. a4 c4 39. bxc4 bxa4
40. Kg4 a3 41. f4 Ra8 42. Rh1 h3 43. Ra1 h2 44. Kg3 Rh8 45. Rh1 Rg8+ 46. Kxh2
Rh8+ 47. Kg2 Rxh1 48. Kxh1 a2 {claudi resigns} 0-1

[Event "ICS rated bullet match"]
[Site "204.178.125.65"]
[Date "2000.11.20"]
[Round "?"]
[White "thutters"]
[Black "Hossa"]
[Result "0-1"]
[WhiteElo "1974"]
[BlackElo "2648"]
[PlyCount "48"]
[EventDate "2000.??.??"]

1. d4 d6 2. e4 Nf6 3. Nc3 c6 4. Nge2 e5 5. f3 Be7 6. Be3 O-O 7. Qd2 b5 8. a3
Na6 9. O-O-O Be6 10. g4 Qc7 11. h4 Rfd8 12. h5 b4 13. axb4 Nxb4 14. g5 Qa5 15.
Kb1 Ba2+ 16. Kc1 Bc4 17. Kb1 Ne8 18. Nc1 exd4 19. Bxd4 Bxg5 20. f4 Bxf1 21.
Rdxf1 Bf6 22. h6 Bxd4 23. Qxd4 Qa1+ 24. Kxa1 Nxc2+ {thutters resigns} 0-1

[Event "ICS rated blitz match"]
[Site "204.178.125.65"]
[Date "2000.11.20"]
[Round "?"]
[White "Hossa"]
[Black "missevening"]
[Result "1-0"]
[WhiteElo "2416"]
[BlackElo "2015"]
[PlyCount "44"]
[EventDate "2000.??.??"]

1. e4 e6 2. Nf3 d5 3. exd5 exd5 4. Bb5+ c6 5. Bd3 Nf6 6. O-O Be7 7. Re1 O-O 8.
Be2 Bg4 9. d4 Nbd7 10. h3 Bxf3 11. Bxf3 Re8 12. Be3 Ne4 13. Nd2 Nxd2 14. Qxd2
Bf6 15. Bf4 Nb6 16. b3 Qd7 17. Bg4 Qd8 18. Rxe8+ Qxe8 19. Re1 Qf8 20. Qe3 h6
21. c3 Kh8 22. Bc7 Rc8 {missevening resigns} 1-0